Evolución humana / (Registro nro. 57023)

Detalles MARC
000 -LEADER
campo de control de longitud fija 00771nam a2200217 i 4500
001 - NÚMERO DE CONTROL
campo de control 57023
003 - IDENTIFICADOR DE NÚMERO DE CONTROL
campo de control ES-MaACL
005 - FECHA Y HORA DE LA ÚLTIMA TRANSACCIÓN
campo de control 20230906163510.0
007 - CAMPO FIJO DE DESCRIPCIÓN FÍSICA--INFORMACIÓN GENERAL
campo de control de longitud fija t|
008 - DATOS DE LONGITUD FIJA--INFORMACIÓN GENERAL
campo de control de longitud fija 031014s1969 sp a |||| | spa d
100 1# - ENTRADA PRINCIPAL--NOMBRE DE PERSONA
Nombre de persona Dobzhansky, Theodosius.
9 (RLIN) 44951
245 10 - MENCIÓN DEL TÍTULO
Título Evolución humana /
Mención de responsabilidad, etc. Theodosius Dobzhansky ; [versión Juan Antonio de Vicente Moreno y Antonio Hernández García ; revisión Faustino Cordón].
260 ## - PUBLICACIÓN, DISTRIBUCIÓN, ETC.
Lugar de publicación, distribución, etc. [Esplugues de Llobregat] :
Nombre del editor, distribuidor, etc. Ariel,
Fecha de publicación, distribución, etc. [1969]
300 ## - DESCRIPCIÓN FÍSICA
Extensión 396 p. :
Otras características físicas il. ;
Dimensiones 24 cm.
650 #4 - PUNTO DE ACCESO ADICIONAL DE MATERIA--TÉRMINO DE MATERIA
Término de materia o nombre geográfico como elemento de entrada Evolución humana.
9 (RLIN) 12627
650 04 - PUNTO DE ACCESO ADICIONAL DE MATERIA--TÉRMINO DE MATERIA
Término de materia o nombre geográfico como elemento de entrada Hombre-
Subdivisión general Origen.
9 (RLIN) 13452
700 1# - ENTRADA AGREGADA--NOMBRE PERSONAL
Nombre de persona Vicente Moreno, Juan Antonio de.
9 (RLIN) 114367
700 1# - ENTRADA AGREGADA--NOMBRE PERSONAL
Nombre de persona Hernández García, Antonio.
9 (RLIN) 62940
700 1# - ENTRADA AGREGADA--NOMBRE PERSONAL
Nombre de persona Cordón, Faustino.
9 (RLIN) 40557
852 ## - LOCALIZACIÓN
Ubicación ES-MaACL
Número de control de estantería C-38076
Existencias
Estatus retirado Estado de pérdida Estado de daño No para préstamo Biblioteca de origen Biblioteca actual Ubicación en estantería Fecha de adquisición Fuente de adquisición Total de préstamos Signatura topográfica completa Código de barras Visto por última vez Precio de reemplazo Tipo de ítem Koha
        Biblioteca del Ateneo de Madrid Biblioteca del Ateneo de Madrid Depósito 2 17/01/2008     C-38076 1059877 23/02/2023 23/02/2023 Libro impreso